000 00615cam a22002293a 4500
001 1418
003 PGUSA
005 20140828083000.0
008 980801s1998||||xxu|||||s|||||000 p eng d
040 _aPGUSA
_beng
042 _adc
050 4 _aPR
100 1 _aGraves, Robert,
_d1895-1985
245 1 0 _aCountry Sentiment
_h[electronic resource] /
_cRobert Graves
260 _bProject Gutenberg,
_c1998
506 _aPublic domain in the USA.
516 _aElectronic text
653 _aPastoral poetry
830 0 _aProject Gutenberg
_v1418
856 4 0 _uhttp://www.gutenberg.org/ebooks/1418
942 _cEB
999 _c230766
_d230766